Environmentálna zraniteľnosť v Latinskej Amerike a Karibiku

Problematika environmentálnych hrozieb v regióne Latinskej Ameriky a Karibiku. Prostredníctvom indexu zraniteľnosti (Vulnerability Index- VI) identifikácia stupňa, ktorým je daná krajina schopná vysporiadať sa s dopadmi prírodných hrozieb a problémov a reagovať na ne.

Salvato in:
Dettagli Bibliografici
Autore principale: Janubová, Barbora, 1991-
Natura: Capitolo di libro
Lingua:slovacco
Soggetti:
Tags: Aggiungi Tag
Nessun Tag, puoi essere il primo ad aggiungerne!!

MARC

LEADER 00000nla a2200000 4500
001 0241220
005 20240502073927.1
041 0 |a slo 
044 |a SK 
245 1 0 |a Environmentálna zraniteľnosť v Latinskej Amerike a Karibiku  |c Barbora Janubová 
520 |a Problematika environmentálnych hrozieb v regióne Latinskej Ameriky a Karibiku. Prostredníctvom indexu zraniteľnosti (Vulnerability Index- VI) identifikácia stupňa, ktorým je daná krajina schopná vysporiadať sa s dopadmi prírodných hrozieb a problémov a reagovať na ne. 
610 2 0 |a prostredie životné 
610 2 0 |a environmentalistika 
610 2 0 |a zmeny klimatické 
610 2 0 |a podmienky životné 
610 2 0 |a podmienky prírodné 
610 2 0 |a indexy 
610 2 0 |a Latinská Amerika 
610 2 0 |a Karibská oblasť 
100 1 |a Janubová, Barbora, 1991-